<?xml version="1.0" encoding="UTF-8"?>
<record
    xmlns:xsi="http://www.w3.org/2001/XMLSchema-instance"
    xsi:schemaLocation="http://www.loc.gov/MARC21/slim http://www.loc.gov/standards/marcxml/schema/MARC21slim.xsd"
    xmlns="http://www.loc.gov/MARC21/slim">

  <leader>00425nam a22001097a 4500</leader>
  <controlfield tag="008">150826b        xxu||||| |||| 00| 0 eng d</controlfield>
  <datafield tag="020" ind1=" " ind2=" ">
    <subfield code="a">0774732350</subfield>
  </datafield>
  <datafield tag="082" ind1=" " ind2=" ">
    <subfield code="a">372.210 971 BLA</subfield>
  </datafield>
  <datafield tag="100" ind1=" " ind2=" ">
    <subfield code="a">BLAXALL JANETH</subfield>
    <subfield code="c">KILBRIDE KENISE MURPHY , MCKENNA DONNA, WARBERG CAROLYN, YEATES MARILYNN </subfield>
  </datafield>
  <datafield tag="245" ind1=" " ind2=" ">
    <subfield code="a">CHILDREN AT THE CENTRE</subfield>
    <subfield code="b">PRINCIPLES OF EARLY CHILDHOOD EDUCATION IN CANADA</subfield>
  </datafield>
  <datafield tag="260" ind1=" " ind2=" ">
    <subfield code="a">NEW YORK </subfield>
    <subfield code="b">HARCOURT BRACE &amp; COMPANY ,CANADA</subfield>
    <subfield code="c">1996</subfield>
  </datafield>
  <datafield tag="999" ind1=" " ind2=" ">
    <subfield code="c">997</subfield>
    <subfield code="d">997</subfield>
  </datafield>
  <datafield tag="952" ind1=" " ind2=" ">
    <subfield code="0">0</subfield>
    <subfield code="1">0</subfield>
    <subfield code="2">ddc</subfield>
    <subfield code="4">0</subfield>
    <subfield code="6">372_210000000000000_971_BLA</subfield>
    <subfield code="7">0</subfield>
    <subfield code="9">1425</subfield>
    <subfield code="a">1000</subfield>
    <subfield code="b">1000</subfield>
    <subfield code="c">Ground Floor </subfield>
    <subfield code="d">2015-08-26</subfield>
    <subfield code="l">0</subfield>
    <subfield code="o">372.210 971 BLA</subfield>
    <subfield code="p">000000004878</subfield>
    <subfield code="r">2019-07-29</subfield>
    <subfield code="w">2015-08-26</subfield>
    <subfield code="y">BOOKS</subfield>
  </datafield>
</record>
